[Event "Bohumin op-A 6th"]
[Site "Bohumin"]
[Date "2023.07.08"]
[Round "8"]
[White "Akash, G."]
[Black "Nguyen, Piotr"]
[Result "1-0"]
[WhiteElo "2461"]
[BlackElo "2393"]
[PlyCount "87"]
[EventDate "2023.07.01"]
[EventType "swiss"]
[EventRounds "9"]
[EventCountry "CZE"]
[SourceTitle "CBM 215 Extra"]
[Source "ChessBase"]
[SourceDate "2023.09.30"]
[SourceVersion "1"]
[SourceVersionDate "2023.09.30"]
[SourceQuality "1"]

1. e4 c5 2. Nf3 g6 3. c3 d5 4. e5 Nc6 5. Bb5 Qb6 6. Bxc6+ bxc6 7. 0-0 Bg4 8. d4 cxd4 9. cxd4 Bxf3 10. Qxf3 Qxd4 11. Re1 Bg7 12. Nd2 Qb4 13. a3 Qb6 14. Qc3 Nh6 15. Nf3 Ng4 16. Re2 0-0 17. h3 Nh6 18. Be3 Qa6 19. Rae1 Nf5 20. Bc5 d4 21. Nxd4 Nxd4 22. Qxd4 Rfd8 23. Qf4 Rd1 24. Kh2 e6 25. Bd6 Rd5 26. Rc2 Bf8 27. Bxf8 Rxf8 28. Re4 Rfd8 29. Rc3 c5 30. Qf6 Rb8 31. Rf4 Qb7 32. b4 Rc8 33. Rfc4 Qb8 34. f4 a5 35. Qh4 axb4 36. axb4 Rd4 37. Rxc5 Rxc5 38. bxc5 Qb4 39. Qg3 Rxf4 40. Rb3 Qe4 41. c6 Qxe5 42. Rf3 Re4 43. Qxe5 Rxe5 44. Rc3 1-0

[Event "Bohumin op-A 6th"]
[Site "Bohumin"]
[Date "2023.07.06"]
[Round "6"]
[White "Nguyen, Piotr"]
[Black "Tomaszewski, Kacper"]
[Result "1-0"]
[WhiteElo "2393"]
[BlackElo "2353"]
[PlyCount "81"]
[EventDate "2023.07.01"]
[EventType "swiss"]
[EventRounds "9"]
[EventCountry "CZE"]
[SourceTitle "CBM 215 Extra"]
[Source "ChessBase"]
[SourceDate "2023.09.30"]
[SourceVersion "1"]
[SourceVersionDate "2023.09.30"]
[SourceQuality "1"]

1. d4 Nf6 2. Nf3 e6 3. g3 d5 4. Bg2 c5 5. 0-0 cxd4 6. Nxd4 e5 7. Nb3 Nc6 8. Bg5 Be6 9. Nc3 d4 10. Ne4 Be7 11. Nec5 Bc8 12. e3 0-0 13. exd4 exd4 14. Re1 h6 15. Bd2 Bxc5 16. Nxc5 Qb6 17. Ne4 Nxe4 18. Bxe4 Qb5 19. b4 a5 20. a4 Qb6 21. bxa5 Nxa5 22. Rb1 Qd8 23. Qh5 f5 24. Bd3 Bd7 25. Bb4 Qf6 26. Bxf8 Rxf8 27. Bb5 Be6 28. Qe2 Ba2 29. Rbd1 f4 30. c3 Bf7 31. Rxd4 f3 32. Qe5 Qb6 33. Rf4 Nc6 34. Qe3 Qc7 35. Qxf3 g5 36. Rf6 Kg7 37. Bxc6 bxc6 38. Qxc6 Qa5 39. Rf3 g4 40. Qf6+ Kg8 41. Rf5 1-0

[Event "Bohumin op-A 6th"]
[Site "Bohumin"]
[Date "2023.07.05"]
[Round "5"]
[White "Zylka, Stanislaw"]
[Black "Nguyen, Piotr"]
[Result "1-0"]
[WhiteElo "2417"]
[BlackElo "2393"]
[PlyCount "109"]
[EventDate "2023.07.01"]
[EventType "swiss"]
[EventRounds "9"]
[EventCountry "CZE"]
[SourceTitle "CBM 215 Extra"]
[Source "ChessBase"]
[SourceDate "2023.09.30"]
[SourceVersion "1"]
[SourceVersionDate "2023.09.30"]
[SourceQuality "1"]

1. d4 Nf6 2. Nf3 c5 3. d5 g6 4. Nc3 Bg7 5. e4 d6 6. Bb5+ Bd7 7. a4 0-0 8. h3 Na6 9. 0-0 Nc7 10. Re1 a6 11. Bf1 b5 12. e5 dxe5 13. Nxe5 Be8 14. axb5 axb5 15. Rxa8 Qxa8 16. d6 exd6 17. Qxd6 Qa7 18. Be3 Ne6 19. Nd3 Nd4 20. Rc1 b4 21. Nxb4 cxb4 22. Bxd4 Qa5 23. Bxf6 bxc3 24. Bxg7 Kxg7 25. Qd4+ f6 26. bxc3 Bf7 27. Bd3 Rc8 28. Rb1 Qxc3 29. Qxc3 Rxc3 30. Rb7 f5 31. f4 Kf6 32. Kf2 Rc6 33. Ra7 Bc4 34. Rxh7 Bxd3 35. cxd3 Ke6 36. Rg7 Rc2+ 37. Kf3 Kf6 38. Rd7 Ke6 39. Rd4 Rd2 40. g4 Rh2 41. Kg3 Re2 42. Rd8 Ke7 43. Rd5 Re3+ 44. Kh4 Rf3 45. Kg5 Ke6 46. Ra5 Rxh3 47. Kxg6 fxg4 48. f5+ Kd6 49. f6 Rf3 50. d4 g3 51. Rg5 Kd7 52. Kg7 Ke6 53. d5+ Kd7 54. f7 Ke7 55. d6+ 1-0